00605nam a22001697a 4500010001400000020002600014035001300040037001300053082001700066100002800083245013000111260004200241270005500283300002800338500004900366700002000415 aENG-96801 a9788121511971c650.00 aEN-80334 bDBAD/PUB a303.48254051 aBagchi, Prabodh Chandra aIndia and China :ba thousand years of cultural relations /cby Prabodh Chandra Bagchi ; revised and edited by Haraprasad Ray aNew DelhibMunshiram Manoharlalc2008 aPO box 5715,54 Rani Jhansi RoadbNew Delhie110055 axxi, 232 pc21 cm. (Hb) ainculds bibliographical references and index aRay, Haraprasad